000 01864cam a2200469 c 4500
001 77119708X
003 DE-627
005 20260319160104.0
007 tu
008 131112s2014 xxu||||| 00| ||eng c
010 _a 2013042959
020 _a9781782382966
_qhardback : acid-free paper
035 _a(DE-627)77119708X
035 _a(DE-576)411903926
035 _a(DE-599)GBV77119708X
035 _a(OCoLC)891511311
040 _aDE-627
_bger
_cDE-627
041 _aeng
044 _cXD-US
_cXA-GB
100 1 _aMühlfried, Florian
_d1970-
_eVerfasserIn
_0(DE-588)13188090X
_0(DE-627)515960411
_0(DE-576)255921543
_4aut
_968469
245 1 0 _aBeing a state and states of being in highland Georgia
_cFlorian Mühlfried
264 1 _aNew York
_bOxford
_bBerghahn
_c2014
300 _axii, 248 Seiten
_bIllustrationen, Karten
336 _aText
_btxt
_2rdacontent
337 _aohne Hilfsmittel zu benutzen
_bn
_2rdamedia
338 _aBand
_bnc
_2rdacarrier
490 1 _aEASA series
_v24
500 _aLiteraturverzeichnis: Seite 221-233
505 8 _aIntroductionOf a mobile field -- Of hidden treasures in the mountains and a state that comes and goes -- Of reborn citizens in a post-Soviet landscape -- Of three ways to be a state -- Of triple winning and simple losing -- Conclusion -- Appendix.
583 1 _aArchivierung prüfen
_c20251012
_fDE-4165
_z1
_2pdager
650 _aHochland
_967617
650 _aGesellschaft
650 _aKultur
650 _aNationalbewusstsein
651 _aGeorgien
776 0 8 _z9781782382973
_iErscheint auch als
_nOnline-Ausgabe
_tBeing a state and states of being in highland Georgia
_wdrd-23758116
830 0 _aEASA series
_v24
_924
_w(DE-627)549675272
_w(DE-576)250888262
_w(DE-600)2396907-6
_7am
942 _2z
_cMG
999 _c73754
_d73754